01864nam a2200445 i 450000100060000000300080000600500170001400600190003100700150005000800410006502000180010602000270012403500230015103500240017403500250019803500210022304000310024405000260027508200150030124501800031626400640049630000410056033600310060133700330063233800430066549000410070850000230074958801260077259001640089865000270106265000300108965500270111970000510114670000420119770000390123979700190127883000420129785600620133999900170140159672FlNmELB20241217142024.0m o d | cr cnu||||||||140829s2011 mx o 001 0 spa d z9786074014822 a9781449235161 (e-book) a(MiAaPQ)EBC3221373 a(Au-PeEL)EBL3221373 a(CaPaEBR)ebr10889599 a(OCoLC)992103178 aFINmELBbspaerdacFINmELB 4aJC574.2.M6bD441 20110 a320.5122303aEl desarrollo perdido :bavatares del capitalismo neoliberal en tiempos de crisis /cHumberto Márquez Covarrubias, Roberto Soto Esquivel, Edgar Záyago Lau (coordinadores). 1aMéxico D.F. :bEditorial Miguel Ángel Porrúa,c[2011] a1 recurso en línea (373 páginas) atextobtxt2rdacontent/spa acomputadorabc2rdamedia/spa arecurso en líneabcr2rdacarrier/spa1 aColección desarrollo & migración aContiene índice. aDescripción basada en recurso en línea; Título de la página del título en PDF (e-libro, visto august 29, 2014). aRecurso electrónico. Santa Fe, Arg.: e-libro, 2015. Disponible vía World Wide Web. El acceso puede estar limitado para las bibliotecas afiliadas a e-libro. 0aNeoliberalismzMexico. 4aNeoliberalismozMéxico. 4aLibros electrónicos.1 aMárquez Covarrubias, Humberto,ecoordinador.1 aSoto Esquivel, Roberto,ecoordinador.1 aZáyago Lau, Edgar,ecoordinador.2 ae-libro, Corp. 0aColección desarrollo & migración.40uhttps://elibro.net/ereader/politecnicointernacional/38491 c59672d59672